000 00474nam a22001817a 4500
003 LK-CoDNM
005 20241224123403.0
008 241224b |||||||| |||| 00| 0 eng d
040 _aLK-CoDNM
_dLK-CoDNM
_eLK-CoDNM
041 _aeng
080 _a3
_bH2
245 _aCatalogue of the lepidoptera phalaenae in the British museum
_b-Vol.1
260 _aLondon
_bThe trustees
_c1915
300 _bxli, : ill ; 24 cm
650 _a1915
650 _aScience
942 _cBK
999 _c234112
_d234112